Регионална библиотека "Любен Каравелов" - Русе

Exakt für Dich B1.1 (Запис номер 326576)

MARC детайли
000 -Лидер
Контролно поле с фиксирана дължина 01370nam a2200337 a 4500
003 - Код на организацията, давaща контролен номер
Контролно поле BLK
005 - Дата и час на последна редакция
Контролно поле 20240827005349.0
008 - Елементи от данни с фиксирана дължина
fixed length control field 181122b bu ||||| |||| 00| 0 bu d
020 ## - Международен стандартен номер на книга ISBN
Международен стандартен номер на книга ISBN 9789543444434
040 ## - Източник на каталожния запис
Идентификатор на билиотеката - собственик на записа BLK
041 ## - Код за език
Код за езика на текст/звукозапис или на отделно заглавие Немски
Код за езика КДБФ Немски
080 ## - УДК
Текстов определител УДК Немски език (високонемски, стандартен писмен)
УДК код - определител по УДК 811.112.2
УДК - код + определител 811.112.2(072)(075.9+086.76)
100 1# - Редна дума - Автор
Автор Mikaela Petkova-Kessanlis
Авторска отговорност първи автор
R(LIN) 1299
139 ## - Редно поле
Редна дума Mikaela Petkova-Kessanlis
Авторски знак Kes - K 38
245 ## - Сведения за заглавието
Заглавие Exakt für Dich B1.1
Подзаглавни данни Lehrerhandbuch
260 ## - Област на издателските данни
9 (RLIN) 219518
Място на издаване, разпространение и проч. София
Име на издателя, разпространителя и проч. Клет България
Година на издаване 2017 г.
Печатница Булвест Принт АД
Издателство - префикс ISBN 978-954-344-
300 ## - Физическа характеристика
Страници 156 с.
Илюстрации и др. с цв. ил., табл.
Размери/Мащаб 29 см.
Съпровождащи материали + 2 оптични диска
380 ## - Жанр
Жанр Езикознание. Филология
500 ## - Общи забележки
Забележка Текст и на бълг. ез.<br/>Комплект с учебник, курсова тетр., работна тетр. с аудиодиск
650 #0 - Допълнително описание по предмет – тема
9 (RLIN) 243377
Основно описание – тема или топоним Немски език - учебници за курсове
653 #0 - Ключова дума – ненормативна
Ключова дума немски език
9 (RLIN) 192028
653 #7 - Ключова дума – ненормативна
Ключова дума немски език
9 (RLIN) 192028
700 ## - Други автори (авторска отговорност)
Лично име Motta, Giorgio
Автороска отговорност (Описва отношението между автора и произведението) съавт.
9 (RLIN) 1445
852 ## - Местоположение
Форматна сигнатура Цб ІІ 23004
999 ## - СИСТЕМНИ КОНТРОЛНИ НОМЕРА
Koha biblionumber 326576
Koha biblioitemnumber 326576
942 ## - АРТИКУЛИ
Вид на библиотечния материал Книги
Скрит в OPAC Не
Koha issues (borrowed), all copies 1
944 ## - СЪЗДАВАНЕ И РЕДАКЦИЯ на ЗАПИСА
Създаване/Редакция Създаване
Дата на регистрацията/редакция 2018-11-22
Служител, извършил регистрацията/редакцията
Статус, дата на статуса CRON CRON
999 ## - СИСТЕМНИ КОНТРОЛНИ НОМЕРА
Koha biblioitemnumber 326576
999 ## - СИСТЕМНИ КОНТРОЛНИ НОМЕРА
Koha biblioitemnumber 326571
999 ## - СИСТЕМНИ КОНТРОЛНИ НОМЕРА
Koha biblioitemnumber 326566
999 ## - СИСТЕМНИ КОНТРОЛНИ НОМЕРА
Koha biblioitemnumber 326564
Наличности
Код за отписване Код за изгубен артикул Източник на класификационната схема Код за повреда Коз за рестрикции Код за отдаване Артикулен № Име на библиотеката - собственик Име на библиотеката, в която се намира в момента Статус (Текущо местоположение) Дата на вписване в системата Местоположение - отдел Цена в лева Систематично азбучна сигнатура Баркод Цена в евро Служебен тип на артикула
  Не е изгубен Universal Decimal Classification Не е повреден без рестрикции ползва се в читалня 682670 Регионална библиотека "Любен Каравелов" Русе Регионална библиотека "Любен Каравелов" Русе Хранилище 2018-11-23 Хранилище 20.90 Цб ІІ 23004 120000825839 10.69 Книги
Vip Innovations Ltd, Rousse, Bulgaria 2025